000 00404nam a22001457a 4500
005 20200710124805.0
008 200710b xxu||||| |||| 00| 0 eng d
082 _a345.4005 DEB-I
100 _aDEB, ASHOK KUMAR
_96282
245 _aINDIAN BAR REVIEW Vol. XXXIX(1TO 4) 2014 (JAN TO DEC)
260 _aNEW DELHI
_bBAR COUNCIAL OF INDIA TRUST
_c2014
300 _a242p.
650 _aLAW
_95701
942 _cJRL
999 _c7411
_d7409